00584nam a2200217Ia 4500003000400000005001700004008004100021020002900062040001700091082002200108100002000130245008300150250001100233260003100244300001500275440001100290500001900301650001700320650001500337650001400352IIN20250529124210.0231217s2023 xx ad 000 0 eng d cRs.795.00a9789354655920 aIINbEnglish a615.1 bSHA1 aSharma, Suresh 1 aTextbook of Pharmacology, Pathology & Genetics for Nurses - I /cSuresh Sharma a2nd ed aNew Delhi :bJaypee,c2023 axxi, 494p. vVol. 1 aIncludes Index1 aPharmacology1 aPathology 1 aGenetics